The Grosset Webster dictionary
Gorde:
| Egile Nagusiak: | , , |
|---|---|
| Formatua: | Liburua |
| Hizkuntza: | ingelesa |
| Argitaratua: |
Nueva York
Grosset and Dunlap
1966
|
| Gaiak: | |
| Etiketak: |
Etiketa erantsi
Etiketarik gabe, Izan zaitez lehena erregistro honi etiketa jartzen!
|
MARC
| LEADER | 00000nam a2200000 a 4500 | ||
|---|---|---|---|
| 001 | UCX0944 | ||
| 003 | CL-VaPUC | ||
| 005 | 20220428131455.0 | ||
| 008 | 900418e19660000US |||||||||||||||||eng|d | ||
| 999 | |c 222314 |d 222312 | ||
| 040 | |c Pontificia Universidad Católica de Valparaíso | ||
| 082 | 0 | 4 | |a 423 |b MOR |2 21 |
| 100 | |a Morris, William |e author |9 868829 | ||
| 245 | 1 | 4 | |a The Grosset Webster dictionary |
| 260 | |a Nueva York |b Grosset and Dunlap |c 1966 | ||
| 300 | |a 648 p | ||
| 583 | |a last modification |c 19900418 00:00:00 |k Rodrigo Vera | ||
| 650 | 7 | |a INGLES DICCIONARIOS |2 CL-VaPUC |9 316312 | |
| 700 | 0 | |a Chadsey, Charles P |e author |9 316310 | |
| 700 | 0 | |a Wentworth, Harold |e author |9 316311 | |
| 942 | |c BK |2 ddc | ||
| 945 | |d 19900418 00:00:00 | ||
| 952 | |0 0 |1 0 |4 0 |6 423_000000000000000_MOR_1966 |7 0 |8 F |9 216817 |a BIBGIM |b BIBGIM |d 2019-11-15 |i 2857979 |o 423 MOR 1966 |p 2857979 |r 2025-01-15 |w 2019-11-15 |y BK_F |k SSL | ||